Normal view
MARC view
- Roy, Ranjit.K
Entry Personal Name
001 - CONTROL NUMBER
- control field: 60822
003 - CONTROL NUMBER IDENTIFIER
- control field: NUST
005 - DATE AND TIME OF LATEST TRANSACTION
- control field: 20210628202632.0
008 - FIXED-LENGTH DATA ELEMENTS
- fixed length control field: 210628|| aca||aabn | a|a d
040 ## - CATALOGING SOURCE
- Original cataloging agency: NUST
- Transcribing agency: NUST
100 ## - HEADING--PERSONAL NAME
- Personal name: Roy, Ranjit.K
670 ## - SOURCE DATA FOUND
- Source citation: Work cat.: (NUST): Roy, Ranjit.K, Design of experiments using the taguchi approach 16 steps to product and process improvement, 2001
